MyGZULibrary

Ujamaa--essays on socialism / (Record no. 1114)

MARC details
000 -LEADER
fixed length control field 00835cam a2200289 4500
001 - CONTROL NUMBER
control field 3178705
003 - CONTROL NUMBER IDENTIFIER
control field GZU
005 - DATE AND TIME OF LATEST TRANSACTION
control field 20200924104154.0
008 - FIXED-LENGTH DATA ELEMENTS--GENERAL INFORMATION
fixed length control field 700202s1968 tz 000 0 eng
010 ## - LIBRARY OF CONGRESS CONTROL NUMBER
LC control number 76009146
020 ## - INTERNATIONAL STANDARD BOOK NUMBER
International Standard Book Number 019501474X
040 ## - CATALOGING SOURCE
Original cataloging agency DLC
Transcribing agency DLC
Modifying agency DLC
041 1# - LANGUAGE CODE
Language code of text/sound track or separate title eng
Language code of original swa
043 ## - GEOGRAPHIC AREA CODE
Geographic area code f-tz---
050 00 - LIBRARY OF CONGRESS CALL NUMBER
Classification number HX457.T3
Item number NYE 1968
100 1# - MAIN ENTRY--PERSONAL NAME
Personal name Nyerere, Julius K.,
Dates associated with a name 1922-1999.
Relator term author
240 10 - UNIFORM TITLE
Uniform title Ujamaa.
Language of a work English
245 10 - TITLE STATEMENT
Title Ujamaa--essays on socialism /
Statement of responsibility, etc. [by] Julius K. Nyerere.
260 ## - PUBLICATION, DISTRIBUTION, ETC.
Place of publication, distribution, etc. Dar es Salaam,
Name of publisher, distributor, etc. Oxford University Press,
Date of publication, distribution, etc. 1968.
300 ## - PHYSICAL DESCRIPTION
Extent viii, 186 p.
Dimensions 18 cm.
350 ## - PRICE (NR) (BK AM CF MU VM SE) [OBSOLETE]
Price 5.50
650 #0 - SUBJECT ADDED ENTRY--TOPICAL TERM
Topical term or geographic name entry element Socialism.
650 #0 - SUBJECT ADDED ENTRY--TOPICAL TERM
Topical term or geographic name entry element Socialism
Geographic subdivision Tanzania.
650 #0 - SUBJECT ADDED ENTRY--TOPICAL TERM
Topical term or geographic name entry element Collective settlements
Geographic subdivision Tanzania.
906 ## - LOCAL DATA ELEMENT F, LDF (RLIN)
a 7
b cbc
c orignew
d u
e ncip
f 19
g y-gencatlg
942 ## - ADDED ENTRY ELEMENTS (KOHA)
Source of classification or shelving scheme Library of Congress Classification
Koha item type Books
Classification part 457.T3
Item part NYE
Call number prefix HX
Holdings
Withdrawn status Lost status Source of classification or shelving scheme Damaged status Not for loan Collection code Home library Current library Shelving location Date acquired Source of acquisition Total Checkouts Total Renewals Full call number Barcode Date last seen Date last checked out Copy number Price effective from Koha item type
    Library of Congress Classification     Non-fiction City Campus Library City Campus Library General Stacks 08/14/2015 Donated by N. Whande 3 3 HX457.T3 NYE 1968 024950 11/28/2025 09/24/2025 c. 1 09/24/2020 Books